000 00887nam a2200205Ii 4500
003 JO-AjNU
008 230605s9999||||xx |||||||||||||| ||und||
017 _a2013/7/2706
040 _aJO-AjNU
_bara
_erda
_cJO-AjNU
041 _aara
050 1 4 _aBS99.J6.F87 2013
100 3 _aإعداد وبحث وتحليل العبدي،علي احمد؛ مشارك احمد عبد الحميد ابو عناب,
_eauthor
_958351
245 0 0 _aالنباتات الطيبية والبرية والاشجار الحرجية المعمرة التي تنبت في عجلون
264 3 1 _aعمان: المؤلف، 2013
300 _a127ص
_bيحتوي على صور توضيحية وملاحق
336 _atext
_btxt
_2rdacontent
337 _aunmediated
_bn
_2rdamedia
338 _avolume
_bnc
_2rdacarrier
650 4 _aالنباتات الطبية-علم النبات الطبيعي
_958352
999 _aA26199
_c29767
_d29767